XXXTENTACION songs A-Z - Statistics

General Stats
  • This quiz has been taken 42 times
  • The average score is 16 of 24
Answer Stats
Hint Answer % Correct
S Snow/slipknot/save me/Sad!/smash!/shizophrenia/scared of the dark/staringat the sky/school shooters/shining like the north star/spaceghostpussy/splash/ save yourself/static shock/supra/sauce!/str8 shot/selfish
97%
B Before I close my eyes/Bad!/bad vibes forever/before I realize/broly/Butthole girlBitchCallMeCaptainMorgan/boost/bowser/bodies/banded up
81%
A A Ghetto Christmas carol/Ayala/alone/Attention!/arms around you/again
77%
H Hate will never win/hope/hot gyal/H2O/hearteater/Hi wendy!
77%
M Manikin/moonlight/middle child/maxipads for everyone/make eem run!/my girl/may I flex
77%
L Look at me!/looking for a star/love yourself/limbo/lick/let's pretend we're numb/live off a lick
74%
R Red light!/RIP roach/revenge/run it back/royalty/rare/rebirth/riot/roll In peace/ready set go
74%
T The explanation/the remedy for a broken heart/true love/train food/triumph/theonly time I feel alive/the Interlude that never ends/take a step back/take it there/ touch eem body/teeth/the way
74%
F Fuck love/floor 555/fuxk/failure is not an option/fatality/Freddy vs jason/find me/falling down
71%
J Jocelyn Flores/Jah's interlude
71%
C Carry on/changes/chase-glass shards/came2kill/curse
68%
D Depression & Obsession/dead inside/Danny phantom/don't cry/difference/daemons
68%
E Everybody dies in their nightmares/ex bitch/ecstasy/eat it up/emoji
65%
I I LUv my clique like Kanye west/I spoke to the devil in miami/indecision/I don'twanna do this anymore/introduction/infinity/I don't even speak spanish lol/I don't let go/I changed her life/it's all fading to black/#ImSippinTeaInYoHood/I watchedhimdrown/I am/I'm not human
65%
N Numb/NorthStar/numb the pain/never/nascar
65%
G Going down!/get outta my head/guardian angel/gassed up!/gospel
61%
O Orlando/one minute/orgy/off the wall!
61%
W Whoa/what are you so afraid of/wanna grow old/WingRiddenAngel/willy Wonkawas a child murderer/What in XXXtarnation/witdemdicks
61%
V Valentine/voss/vice city/very rare forever/voices
58%
X XXX/xanax/XXXTENTACION interlude/X & Cud
55%
K King/kill my vibe/king of the dead/kill me
52%
Y Yung bratz
42%
P Pain=bestfriend/#ProudCatOwnerRemix/polo man/playboy/purrposely
35%
U Up like an insomniac/ugly/uptown-bustdown
26%
No matching quizzes found
Score Distribution
Percent of People with Each Score
Percentile by Number Answered
Your Score History
You have not taken this quiz